=LDR 00000nam 2200000 4500 =001 INLIS000000000000650 =005 20230301095501 =035 ##$$a 0010-0123000450 =007 ta =008 230301###########################0###### =020 ##$$a 978-8299-06-X =082 ##$$a 361 =084 ##$$a 361 IHR m =100 #$$a Ihromi =245 1#$$a Menuju kesejahteraan manusia : $b Menuju kesejahteraan manusia kumpulan tulisan dari seminar-seminar IKALUNTAG /$c Ihromi =260 ##$$a Jakarta :$b Yayasan Sumber Agung,$c 1993 =300 ##$$a xii+127 hlm : $b illustrasi ; $c 21 cm =700 #$$a Sudomo =600 #4$$a KESEJAHTERAAN =990 ##$$a B-2023-00003